[Event "SRB-chT 2nd League"]
[Site "Vrnjacka Banja"]
[Date "2022.11.06"]
[Round "3.5"]
[White "Kovacevic, Dragisa"]
[Black "Djurnic, Strahinja"]
[Result "1/2-1/2"]
[WhiteElo "2224"]
[BlackElo "2106"]
[PlyCount "39"]
[EventDate "2022.11.04"]
[EventType "team-tourn"]
[EventRounds "11"]
[EventCountry "SRB"]
[SourceTitle "CBM 211 Extra"]
[Source "ChessBase"]
[SourceDate "2023.01.31"]
[SourceVersion "1"]
[SourceVersionDate "2023.01.31"]
[SourceQuality "1"]
[WhiteTeam "Jazak Car Uros"]
[BlackTeam "Gajdobra Hercegovac"]
[WhiteTeamCountry "SRB"]
[BlackTeamCountry "SRB"]

1. d4 g6 2. c3 Bg7 3. Bg5 Nf6 4. Nd2 d6 5. e4 0-0 6. Ngf3 c5 7. dxc5 dxc5 8. Bc4 Nc6 9. Qe2 Qc7 10. a4 b6 11. 0-0 Bb7 12. Rfe1 Ng4 13. Bh4 Rad8 14. Bg3 Nge5 15. Nxe5 Bxe5 16. Nf3 Bxg3 17. hxg3 Ne5 18. Nxe5 Qxe5 19. f4 Qc7 20. Qe3 1/2-1/2

[Event "Vojvodina-chT"]
[Site "Novi Sad"]
[Date "2017.11.19"]
[Round "10.5"]
[White "Vranic, Ljubomir"]
[Black "Djurnic, Strahinja"]
[Result "1/2-1/2"]
[WhiteElo "2172"]
[BlackElo "2092"]
[PlyCount "116"]
[EventDate "2017.11.13"]
[EventType "team-tourn"]
[EventRounds "11"]
[EventCountry "SRB"]
[SourceTitle "CBM 181 Extra"]
[Source "ChessBase"]
[SourceDate "2017.12.12"]
[SourceVersion "1"]
[SourceVersionDate "2017.12.12"]
[SourceQuality "1"]
[WhiteTeam "Senta"]
[BlackTeam "Petrovaradin Kraljica"]
[WhiteTeamCountry "SRB"]
[BlackTeamCountry "SRB"]

1. d4 b5 2. e4 Bb7 3. Bd3 Nf6 4. Qe2 e6 5. Nd2 a6 6. a4 b4 7. Ngf3 c5 8. dxc5 Bxc5 9. e5 Nd5 10. Ne4 Be7 11. 0-0 h6 12. Nd6+ Bxd6 13. exd6 Qb6 14. c4 bxc3 15. bxc3 Qxd6 16. Ba3 Qc7 17. c4 Nf4 18. Qe3 Nxd3 19. Qxd3 Bxf3 20. Qxf3 Nc6 21. Rfd1 Rc8 22. Bd6 Qa5 23. c5 Qb4 24. h3 Qb2 25. a5 Qf6 26. Qd3 Ra8 27. Ra4 h5 28. Qb3 h4 29. Rd3 Rh5 30. Rf4 Qd8 31. Qb6 f5 32. Ra4 g5 33. Qb2 Rh7 34. Rb3 Kf7 35. Rb6 Qf6 36. Qd2 Kg6 37. Qd3 Ne5 38. Qe2 Nf7 39. Rxa6 Rc8 40. Qd3 Nxd6 41. Qxd6 Qb2 42. Rc4 Qb5 43. Rc1 Qb2 44. Re1 Re8 45. Rb6 Qc3 46. Qe5 Qxa5 47. Ra1 Qd2 48. Rd6 Qf4 49. Qb2 Rhe7 50. Rad1 Qc4 51. Rc1 Qf4 52. Re1 Qc4 53. Re5 Rc8 54. Qb1 Kg7 55. Qb2 Kg6 56. Qb1 Kg7 57. Qb2 Kh7 58. Rd4 Qa6 1/2-1/2

[Event "Vojvodina-ch 5th"]
[Site "Novi Sad"]
[Date "2014.07.17"]
[Round "8"]
[White "Ujhazi, Ivan"]
[Black "Djurnic, Strahinja"]
[Result "1/2-1/2"]
[WhiteElo "2241"]
[BlackElo "2012"]
[PlyCount "76"]
[EventDate "2014.07.12"]
[EventType "swiss"]
[EventRounds "9"]
[EventCountry "YUG"]
[SourceTitle "CBM 161 Extra"]
[Source "ChessBase"]
[SourceDate "2014.08.29"]
[SourceVersion "1"]
[SourceVersionDate "2014.08.29"]
[SourceQuality "1"]

1. e4 e6 2. Qe2 c5 3. Nf3 Nc6 4. g3 g6 5. Bg2 Bg7 6. d3 Nge7 7. 0-0 d6 8. c3 0-0 9. a4 e5 10. Na3 f5 11. Bg5 h6 12. Bxe7 Nxe7 13. Rad1 g5 14. exf5 Nxf5 15. d4 cxd4 16. cxd4 g4 17. Nxe5 dxe5 18. dxe5 Qe7 19. Bd5+ Kh8 20. Rfe1 h5 21. Nc4 Be6 22. h3 Bxd5 23. Rxd5 Rad8 24. Rxd8 Qxd8 25. Qe4 Qd4 26. hxg4 hxg4 27. Qxd4 Nxd4 28. Re4 Nf3+ 29. Kg2 Re8 30. Rxg4 Nxe5 31. Re4 Re7 32. f4 Nc6 33. Rxe7 Nxe7 34. Kf3 a6 35. Ke4 b5 36. axb5 axb5 37. Nd6 Bxb2 38. Nxb5 Kg7 1/2-1/2

[Event "Vojvodina-ch 3rd"]
[Site "Novi Sad"]
[Date "2012.06.29"]
[Round "1"]
[White "Radlovacki, Jovan"]
[Black "Djurnic, Strahinja"]
[Result "1/2-1/2"]
[WhiteElo "2412"]
[BlackElo "1973"]
[PlyCount "100"]
[EventDate "2012.06.29"]
[EventType "swiss"]
[EventRounds "9"]
[EventCountry "SRB"]
[SourceTitle "CBM 149 Extra"]
[Source "ChessBase"]
[SourceDate "2012.08.24"]
[SourceVersion "1"]
[SourceVersionDate "2012.08.24"]
[SourceQuality "1"]

1. e4 c5 2. Nf3 Nc6 3. Bb5 Na5 4. c3 a6 5. Ba4 b5 6. Bc2 Bb7 7. d4 cxd4 8. cxd4 Nf6 9. Nbd2 e6 10. 0-0 Be7 11. Re1 d5 12. e5 Nd7 13. Re2 Rc8 14. Ne1 Qb6 15. Ndf3 b4 16. h4 Bc6 17. Bg5 Bb5 18. Bd3 Bxg5 19. hxg5 Bc4 20. Bxc4 Rxc4 21. b3 Rc8 22. Rc2 0-0 23. Rac1 Qb7 24. Nd3 Nc6 25. Qd2 a5 26. Nb2 Na7 27. Na4 Rxc2 28. Rxc2 Rc8 29. Ne1 Rxc2 30. Nxc2 Nb5 31. g3 Qc6 32. Kg2 Nb6 33. Nc5 Nd7 34. Nxd7 Qxd7 35. a3 Nxa3 36. Nxa3 bxa3 37. Qxa5 Qe7 38. b4 a2 39. b5 g6 40. Qxa2 Qb4 41. Qa8+ Kg7 42. Qc6 Qxd4 43. b6 Qe4+ 44. Kh2 Qe2 45. Qc5 Qb2 46. Kg2 d4 47. Qc7 d3 48. b7 d2 49. b8Q Qxb8 50. Qxb8 d1Q 1/2-1/2